000 00680nam a2200241Ia 4500
001 60846
003 132936
005 20250302062741.0
008 ||||||n9999 ||| || ||
041 _aspa
110 _aInstituto de Seguros Sociales
_912192
245 0 _aSalud, lo que usted necesita saber sobre el sistema
260 _aBogotá :
_bInstituto de Seguros Sociales,
_c1998.
300 _a76p
562 _e1
650 _aCOLOMBIA
_983545
650 _aDOCUMENTO OFICIAL
_98293
650 _aPRESTACIÓN DEL SERVICIO
_912574
650 0 _aSeguridad social
_93891
650 0 _aServicios de salud
_99500
650 _aSISTEMAS DE PAGO
_980698
942 _cDO-GO
999 _c60846
_d60846